| Tag |
First Indicator |
Second Indicator |
Subfields |
| LEADER |
00000cam a2200000 4500 |
| 001 |
in00000021831 |
| 005 |
20151007063743.0 |
| 008 |
760426s1937 mx 00001 spa u |
| 010 |
|
|
|a a 40001425
|
| 035 |
|
|
|a (OCoLC)02141000
|
| 035 |
|
|
|9 AAD8170AM
|
| 040 |
|
|
|c OUN
|d OCL
|d TXA
|d UtOrBLW
|
| 049 |
|
|
|a TXAM
|c [476614]
|
| 050 |
|
0 |
|a PQ7297.G3
|b R
|
| 092 |
|
|
|a 863
|b G192r
|
| 100 |
1 |
|
|a Gamboa, Federico,
|d 1864-1939.
|
| 245 |
1 |
0 |
|a Reconquista.
|
| 250 |
|
|
|a 2. edicion ...
|
| 264 |
|
1 |
|a Mexico :
|b Ediciones Botas,
|c 1937.
|
| 300 |
|
|
|a 389 pages, 1 . ;
|c 19 cm.
|
| 336 |
|
|
|a text
|b txt
|2 rdacontent
|
| 337 |
|
|
|a unmediated
|b n
|2 rdamedia
|
| 338 |
|
|
|a volume
|b nc
|2 rdacarrier
|
| 999 |
|
|
|a MARS
|
| 999 |
f |
f |
|s 9552e13e-2288-3909-a550-c30f06c1b009
|i 7ce25987-0915-3130-a2ac-4a90c86979ab
|t 0
|
| 952 |
f |
f |
|p ric
|a Texas A&M University
|b Rellis Campus
|c Joint Library Facility
|d Remote Storage
|t 0
|e PQ7297.G3 R4 1937
|h Library of Congress classification
|i unmediated -- volume
|m A14801384145
|
| 998 |
f |
f |
|a PQ7297.G3 R4 1937
|t 0
|l Remote Storage
|